[Event "8th Open"]
[Site "Voronezh RUS"]
[Date "2004.06.19"]
[Round "8"]
[White "Lutsko,I"]
[Black "Alavkin,A"]
[Result "1/2-1/2"]
[WhiteElo "2517"]
[BlackElo "2488"]

1.d4 d5 2.c4 c6 3.Nc3 Nf6 4.Nf3 a6 5.a4 e6 6.Bg5 Nbd7 7.cxd5 exd5 8.e3 Be7
9.Bd3 O-O 10.Qc2 Re8 11.O-O a5 12.Rae1 Nf8 13.Ne5 Ng4 14.Bxe7 Rxe7 15.f4 f6
16.Nxg4 Bxg4 17.f5 Bh5 18.Qf2 Qb6 19.h3 Bf7 20.Re2 Qb4 21.Qf4 Rd8 22.g4 Qd6
23.Qxd6 Rxd6 24.Rb1 Nd7 25.b4 axb4 26.Rxb4 b6 27.Rb1 Re8 28.Kf2 g6 29.Ra2 Ra8
30.a5 b5 31.Raa1 Nb8 32.Ne2 Rd7 33.Nc1 Na6 34.Nb3 Re7 35.Re1 Rc8 36.Rac1 Rec7
37.Rc3 Kf8 38.Rec1 Ke7 39.h4 Kd6 40.Kg3 Rg8 41.Rf1 g5 42.h5 h6 43.Be2 Rb8
44.Rfc1 Rbc8 45.Kf2 Be8 46.Ke1 Bf7 47.Kd2 Ra8 48.Rb1 Raa7 49.Nc1 Nb8 50.Nb3 Na6  1/2-1/2

[Event "XVIII Open"]
[Site "Pula CRO"]
[Date "2004.06.24"]
[Round "7"]
[White "Sulava,N"]
[Black "Kuljasevic,D"]
[Result "1-0"]
[WhiteElo "2478"]
[BlackElo "2408"]

1.d4 d5 2.c4 c6 3.Nf3 Nf6 4.Nc3 a6 5.cxd5 cxd5 6.Bf4 Nc6 7.Rc1 Bf5 8.Ne5 Rc8
9.Qa4 Bd7 10.Qb3 Na5 11.Qd1 e6 12.e3 Bb4 13.Bd3 Bxc3+ 14.Rxc3 Rxc3 15.bxc3 Bb5
16.Bxb5+ axb5 17.O-O Ne4 18.Qb1 O-O 19.Qxb5 Nxc3 20.Qb2 Ne4 21.Qb4 f6 22.Nd3 Rf7
23.f3 Nc6 24.Qb2 Nd6 25.Bxd6 Qxd6 26.Nc5 e5 27.Nxb7 Qb4 28.Qxb4 Nxb4 29.Nd6 Rf8
30.dxe5 fxe5 31.a4 Rd8 32.Rb1 Nc2 33.Nf5 d4 34.exd4 exd4 35.Kf2 d3 36.Rd1 Nb4
37.a5 g6 38.Ne3 Ra8 39.Rb1 Nc6 40.Nc4 d2 41.Nxd2 Rxa5 42.Rb6 Ne7 43.Ne4 Ra7
44.g4 Kg7 45.Kg3 Rd7 46.Ra6 Nd5 47.h4 Nb4 48.Ra8 Nd5 49.Nc5 Re7 50.Rd8 Nf6
51.Kf4 h6 52.Ne4 Nxe4 53.fxe4 Kf6 54.Rd6+ Kg7 55.h5 gxh5 56.gxh5 Rf7+ 57.Ke5 Ra7
58.Rg6+ Kh7 59.Rd6 Ra5+ 60.Rd5 Ra1 61.Rd7+ Kg8 62.Kf6  1-0

[Event "32nd World Open"]
[Site "Philadelphia USA"]
[Date "2004.07.01"]
[Round "1"]
[White "Sarkar,J"]
[Black "Ross,L"]
[Result "1-0"]
[WhiteElo "2408"]
[BlackElo "2099"]

1.d4 d5 2.c4 c6 3.Nf3 Nf6 4.Nc3 a6 5.a4 e6 6.Bg5 Nbd7 7.cxd5 exd5 8.e3 Bd6
9.Bd3 O-O 10.O-O Re8 11.Qc2 h6 12.Bh4 Qc7 13.Rfe1 b6 14.e4 dxe4 15.Nxe4 Nxe4
16.Rxe4 Rxe4 17.Bxe4 Bb7 18.Re1 c5 19.dxc5 Bxe4 20.Qxe4  1-0

[Event "Nova Open"]
[Site "Haarlem NED"]
[Date "2004.07.03"]
[Round "3"]
[White "Ikonnikov,Vy"]
[Black "Groffen,H"]
[Result "1/2-1/2"]
[WhiteElo "2556"]
[BlackElo "2244"]

1.d4 d5 2.Nf3 Nf6 3.c4 c6 4.Nc3 a6 5.a4 e6 6.Bg5 a5 7.e3 Na6 8.Be2 Be7 9.O-O O-O
10.Ne5 h6 11.Bxf6 Bxf6 12.f4 Nb4 13.Na2 Nxa2 14.Rxa2 Bd7 15.Qd2 Be7 16.c5 Be8
17.Nd3 f6 18.Bg4 Qc8 19.f5 Bd7 20.fxe6 Bxe6 21.Bh5 Bf7 22.Bxf7+ Rxf7 23.Nf4 Bd8
24.Raa1 Bc7 25.Qd3 Bxf4 26.Rxf4 Qe6 27.e4 dxe4 28.Rxe4 Qd5 29.Rae1 Rd8 30.Qc3 f5
31.Re8+ Rf8 32.Rxf8+ Kxf8 33.Qxa5 Qxd4+ 34.Kf1 Kg8 35.Qc3 Qxa4 36.b4 Qa2
37.Kg1 Qd5 38.Kh1 Qd4 39.Qb3+ Qd5 40.Qxd5+ Rxd5 41.g4 Rd4 42.gxf5 Rxb4 43.Re7 Rb5
44.f6 gxf6 45.Kg2 Rxc5 46.Rxb7 Rc3 47.Rc7 h5 48.h4 c5 49.Kf2 Rc4 50.Kg3 f5
51.Kf3 f4 52.Re7 Kh8  1/2-1/2

[Event "Skanska Cup"]
[Site "Olomouc CZE"]
[Date "2004.07.04"]
[Round "1"]
[White "Postny,E"]
[Black "Sarakauskas,G"]
[Result "1/2-1/2"]
[WhiteElo "2563"]
[BlackElo "2442"]

1.d4 d5 2.c4 c6 3.Nf3 Nf6 4.Nc3 a6 5.c5 Nbd7 6.Bf4 Nh5 7.Be3 g6 8.g3 Bg7
9.Bg2 O-O 10.O-O Re8 11.Na4 Nhf6 12.Bf4 Nh5 13.Bd2 e5 14.dxe5 Nxe5 15.Bc3 Nxf3+
16.Bxf3 Bh3 17.Re1 Qg5 18.Bxh5 Qxh5 19.Bxg7 Kxg7 20.Qd4+ Kg8 21.Nc3 Re7 22.Rad1 Rae8
23.f3 Re3 24.Qh4 Qxh4 25.gxh4 f5 26.Kf2 f4 27.Rd4 Rf8 28.Rg1 Kg7 29.Ke1 Re5
30.Rg5 Re7 31.Rg1  1/2-1/2

[Event "22nd Open"]
[Site "Andorra la Vella AND"]
[Date "2004.07.06"]
[Round "4"]
[White "Khenkin,I"]
[Black "Erenburg,S"]
[Result "1/2-1/2"]
[WhiteElo "2573"]
[BlackElo "2533"]

1.d4 d5 2.c4 c6 3.Nf3 Nf6 4.Nc3 a6 5.c5 Nbd7 6.Bf4 Nh5 7.e3 g6 8.h4 Nxf4
9.exf4 b6 10.cxb6 Qxb6 11.Qd2 Rb8 12.b3 e6 13.h5 Rg8 14.hxg6 hxg6 15.Bd3 Bb4
16.O-O c5 17.Qc2 cxd4 18.Ne2 Bb7 19.Qb2 Rc8 20.Rac1 Ke7  1/2-1/2

[Event "22nd Open"]
[Site "Andorra la Vella AND"]
[Date "2004.07.06"]
[Round "4"]
[White "Oms Pallise,J"]
[Black "Fernandez Romero,Ern"]
[Result "1/2-1/2"]
[WhiteElo "2518"]
[BlackElo "2423"]

1.d4 d5 2.c4 c6 3.Nf3 Nf6 4.Nc3 a6 5.g3 b5 6.cxd5 cxd5 7.Bg2 e6 8.O-O Bb7
9.Bg5 Nbd7 10.Ne5 Be7 11.Nxd7 Qxd7 12.Bxf6 Bxf6 13.e3 O-O 14.Qd2 Rfc8 15.Ne2 Be7
16.Rfc1 Rxc1+ 17.Rxc1 Rc8 18.Nf4 Rxc1+ 19.Qxc1 Qc8 20.Qxc8+ Bxc8 21.Nd3 b4
22.Bf1 Bd6 23.Be2 Kf8 24.Kf1 Ke7 25.Ke1 Kd7 26.Bh5 f6 27.Kd2 a5 28.Bg4 Kc7
29.h4 Bd7 30.Be2 Be8 31.g4 h6 32.Nf4 Bxf4 33.exf4 Kd6 34.Ke3 Bg6 35.Bb5 Bb1
36.a3 bxa3 37.bxa3 Bc2 38.Ba6 Bd1 39.f3 Bc2 40.Bc8 Bd1 41.Ba6 Bc2 42.Kd2  1/2-1/2

[Event "Open"]
[Site "Olomouc CZE"]
[Date "2004.07.06"]
[Round "2"]
[White "Halkias,S"]
[Black "Karhanek,P"]
[Result "1-0"]
[WhiteElo "2533"]
[BlackElo "2211"]

1.d4 d5 2.c4 c6 3.Nc3 Nf6 4.Nf3 a6 5.c5 Bg4 6.Ne5 Bh5 7.Qb3 Ra7 8.Bf4 Nfd7
9.Nd3 e6 10.e3 f6 11.Be2 Bf7 12.Bg3 e5 13.Qc2 Bg6 14.Qd1 Be7 15.Bh5 Bxh5
16.Qxh5+ g6 17.Qh6 Bf8 18.Qh3 Bg7 19.Bh4 exd4 20.exd4 O-O 21.O-O Re8 22.Rae1 b6
23.Rxe8+ Qxe8 24.Re1 Qf7 25.Bg3 f5 26.Bd6 Bf6 27.cxb6 Rb7 28.Na4 a5 29.Ndc5 Nxc5
30.dxc5  1-0

[Event "Skanska Cup"]
[Site "Olomouc CZE"]
[Date "2004.07.06"]
[Round "3"]
[White "Biolek,R2"]
[Black "Jirka,J"]
[Result "1-0"]
[WhiteElo "2451"]
[BlackElo "2406"]

1.Nf3 d5 2.d4 Nf6 3.c4 c6 4.Nc3 a6 5.e3 b5 6.b3 Bg4 7.Be2 e6 8.h3 Bh5 9.O-O Nbd7
10.Bb2 Bd6 11.Ne5 Bxe2 12.Nxe2 Rc8 13.a4 b4 14.Qd3 Bxe5 15.dxe5 Nc5 16.Qc2 Nfd7
17.Ng3 Qg5 18.e4 Qg6 19.cxd5 cxd5 20.Rac1 O-O 21.Rfd1 Nb6 22.exd5 Nxd5 23.Qc4 Rc7
24.Qh4 Nxb3 25.Rxc7 Nxc7 26.Rd8 Ne8 27.Qe7 f6 28.exf6 gxf6 29.Qxe6+ Qf7 30.Qg4+ Ng7
31.Rd7 h5 32.Nxh5  1-0

[Event "Skanska Cup"]
[Site "Olomouc CZE"]
[Date "2004.07.08"]
[Round "6"]
[White "Babula,V"]
[Black "Sarakauskas,G"]
[Result "1-0"]
[WhiteElo "2569"]
[BlackElo "2442"]

1.d4 d5 2.c4 c6 3.Nf3 Nf6 4.Nc3 a6 5.c5 Nbd7 6.Bf4 Nh5 7.e3 g6 8.Bd3 Bg7
9.O-O O-O 10.Bg5 Re8 11.e4 dxe4 12.Nxe4 Ndf6 13.Nc3 Nd5 14.Re1 Bg4 15.Bc4 Nhf4
16.Bxf4 Nxf4 17.Bxf7+ Kxf7 18.Ng5+ Kg8 19.Qxg4 Rf8 20.g3 h6 21.Ne6 Nxe6 22.Qxe6+ Kh7
23.Rad1 Qc8 24.Qxc8  1-0

[Event "Skanska Cup"]
[Site "Olomouc CZE"]
[Date "2004.07.08"]
[Round "7"]
[White "Sarakauskas,G"]
[Black "Jirka,J"]
[Result "1/2-1/2"]
[WhiteElo "2442"]
[BlackElo "2406"]

1.d4 d5 2.c4 c6 3.Nf3 Nf6 4.Nc3 a6 5.c5 g6 6.h3 Bg7 7.Bf4 Ne4 8.e3 Nxc3 9.bxc3 Qa5
10.Qd2 Nd7 11.Be2 Nxc5 12.c4 Qxd2+ 13.Nxd2 Bf5 14.O-O Bd3 15.Bxd3 Nxd3 16.Bg3 dxc4
17.Nxc4 b5 18.Nb6 Ra7 19.Rab1 c5 20.dxc5 Nxc5 21.Rfc1 Rb7 22.Nd5 Ne6 23.Rc6 O-O
24.Rxa6 Rd7 25.Nb4 Nc5 26.Ra5 Ne4 27.Nc6 Rc8 28.Ra7 Rxa7 29.Nxa7 Ra8 30.Nxb5 Nxg3
31.fxg3 Rxa2 32.Nd4 Be5 33.g4 Bg3 34.Kf1 e6 35.Rc1 Kg7 36.Rc2 Ra3 37.Ke2 Bh4
38.Nb5 Ra6 39.Kf3 Bg5 40.Rc7 Rb6 41.Nc3 Rb3 42.g3 Bf6 43.Ne2 Be5 44.Rc5 Bd6
45.Rc6 Bb8 46.Nd4 Rb1 47.Rc8 Be5 48.Rc5 Bxd4 49.exd4 Rb3+ 50.Kf4 Rd3 51.Rc4 h6
52.h4 Kf6 53.g5+ hxg5+ 54.hxg5+ Ke7 55.g4 Kd6 56.Ke4 Rg3 57.Kf4 Rg1 58.Rc5 Rd1
59.Ke4 Re1+ 60.Kf4 e5+ 61.Rxe5 Rxe5 62.dxe5+ Kd5 63.Kf3 Kd4 64.Kf4 Kd5  1/2-1/2

[Event "22nd Open"]
[Site "Andorra la Vella AND"]
[Date "2004.07.10"]
[Round "8"]
[White "Khenkin,I"]
[Black "Delchev,A"]
[Result "1/2-1/2"]
[WhiteElo "2573"]
[BlackElo "2603"]

1.d4 d5 2.c4 c6 3.Nf3 Nf6 4.Nc3 a6 5.c5 Nbd7 6.Bf4 Nh5 7.e3 g6 8.h4 Nxf4
9.exf4 Qc7 10.g3 Bg7 11.h5 Nf8  1/2-1/2

[Event "22nd Open"]
[Site "Andorra la Vella AND"]
[Date "2004.07.11"]
[Round "9"]
[White "Khenkin,I"]
[Black "Fressinet,L"]
[Result "1/2-1/2"]
[WhiteElo "2573"]
[BlackElo "2637"]

1.d4 d5 2.c4 c6 3.Nf3 Nf6 4.Nc3 a6 5.cxd5 cxd5 6.Bf4 Nc6 7.Rc1 Bf5 8.e3 e6
9.Bd3 Bxd3 10.Qxd3 Bd6 11.Bxd6 Qxd6 12.O-O O-O  1/2-1/2

[Event "FSGM July"]
[Site "Budapest HUN"]
[Date "2004.07.11"]
[Round "9"]
[White "Nagle,S"]
[Black "Seres,L"]
[Result "1/2-1/2"]
[WhiteElo "2375"]
[BlackElo "2497"]

1.Nf3 d5 2.d4 Nf6 3.c4 c6 4.Nc3 a6 5.c5 Nbd7 6.Bf4 Nh5 7.e3 g6 8.Bd3 Bg7
9.O-O Nxf4 10.exf4 O-O 11.b4 Nf6 12.Qc2 Bg4 13.Ne5 e6 14.a4 Bf5 15.b5 Bxd3
16.Qxd3 Nd7 17.bxc6 Nxe5 18.fxe5 bxc6 19.Rab1 f6 20.f4 fxe5 21.fxe5 Qa5 22.g3 Rfb8
23.Kg2 Bh6 24.h4 Rb4 25.h5 gxh5 26.Rf7 Bg7 27.Rbf1 Rb3 28.Qe3 Qxc3 29.Rxg7+ Kxg7
30.Qg5+ Kh8 31.Qf6+ Kg8 32.Qxe6+ Kh8 33.Qf6+ Kg8 34.Qg5+ Kh8 35.Qf6+  1/2-1/2

[Event "TCh-EY"]
[Site "Obrenovac SCG"]
[Date "2004.07.11"]
[Round "2"]
[White "Barnaure,V"]
[Black "Grkovic,V"]
[Result "1/2-1/2"]
[WhiteElo "2427"]
[BlackElo "2146"]

1.Nf3 Nf6 2.c4 c6 3.d4 d5 4.Nc3 a6 5.c5 g6 6.Bf4 Bg7 7.e3 O-O 8.h3 Nfd7 9.Be2 Re8
10.O-O e5 11.Bg3 e4 12.Ne1 Nf8 13.Qd2 Nbd7 14.Bd6 Bh6 15.Nc2 f5 16.b4 Qf6
17.a4 Ne6 18.b5 a5 19.Rab1 f4 20.Bg4 f3 21.gxf3 exf3 22.Ne1 Ng5 23.Bf4 Ne4
24.Nxe4 dxe4 25.Bxh6 g5 26.Qa2+ Kh8 27.bxc6 bxc6 28.Qa1 Qxh6 29.Nxf3 exf3
30.Bxf3 Qxh3 31.Bxc6 Ra6 32.Bg2 Qg4 33.d5+ Rf6 34.f3 Qg3 35.Qd4 Ne5 36.f4 Bh3
37.Qe4 Bxg2 38.Qxg2 Qxe3+ 39.Qf2 Qxf2+ 40.Rxf2 gxf4 41.c6 f3 42.c7 Rg6+ 43.Kh1 Rh6+
44.Rh2 Rxh2+ 45.Kxh2 Nd7 46.Kg3 Rf8 47.Kf2 Kg7 48.Re1 Nf6 49.d6 Nd5 50.Re5 Nxc7
51.dxc7 Rc8 52.Re7+ Kf6 53.Rxh7 Ke6 54.Kxf3 Kd6  1/2-1/2

[Event "Skanska Cup"]
[Site "Olomouc CZE"]
[Date "2004.07.11"]
[Round "10"]
[White "Lagowski,P"]
[Black "Jirka,J"]
[Result "1-0"]
[WhiteElo "2415"]
[BlackElo "2406"]

1.d4 d5 2.c4 c6 3.Nf3 Nf6 4.Nc3 a6 5.c5 g6 6.Bf4 Nh5 7.Be5 f6 8.Bg3 Nxg3
9.hxg3 Bg7 10.e4 dxe4 11.Nxe4 Be6 12.Qc2 O-O 13.Bc4 Bxc4 14.Qxc4+ Qd5 15.Qe2 Nd7
16.Nc3 Qf7 17.O-O-O e5 18.Kb1 b6 19.Ne4 h6 20.dxe5 fxe5 21.Nd6 Qe6 22.Nd4 Qf6
23.Qc4+ Kh8 24.Ne4 Qf7 25.Qxf7 Rxf7 26.Ne6  1-0

[Event "15th Open"]
[Site "Ljubjana SLO"]
[Date "2004.07.13"]
[Round "5"]
[White "Jelen,Ig"]
[Black "Gombac,Jan"]
[Result "1-0"]
[WhiteElo "2348"]
[BlackElo "2250"]

1.d4 d5 2.c4 c6 3.Nf3 Nf6 4.Nc3 a6 5.e3 Bg4 6.Qb3 b5 7.cxd5 Nxd5 8.Be2 e6
9.O-O Be7 10.h3 Bh5 11.Re1 O-O 12.a4 Nd7 13.e4 Nxc3 14.bxc3 Nf6 15.Ne5 Bxe2
16.Rxe2 Qb6 17.Be3 Qb7 18.f3 Bd6 19.Nd3 Nd7 20.e5 Be7 21.c4 Nb6 22.Nb2 Rab8
23.a5 Na8 24.Nd3 Nc7 25.c5 Nd5 26.Nf2 f5 27.exf6 Bxf6 28.Ne4 Qc7 29.Bf2 Qf4
30.Rd1 Rbe8 31.Bg3 Qh6 32.Nd6 Re7 33.Re4 Bg5 34.Rde1 Bd2 35.R1e2 Bxa5 36.Ra2 Nc3
37.Rxa5 Nxe4 38.Nxe4 Rd7 39.Bd6 Rf5 40.Rxa6 Rd5 41.Ra8+ Kf7 42.Rf8+ Kg6 43.Ng3 Qc1+
44.Kh2 R7xd6 45.Qd3+ Kh6 46.cxd6 b4 47.Qe4 b3 48.Qxe6+ g6 49.Rf7 b2 50.Qe7 b1=Q
51.Rxh7+  1-0

[Event "Aegean Open"]
[Site "Agios Kirykos GRE"]
[Date "2004.07.18"]
[Round "7"]
[White "Lymar,I"]
[Black "Festas,G"]
[Result "1/2-1/2"]
[WhiteElo "2350"]
[BlackElo "2167"]

1.d4 d5 2.Nf3 Nf6 3.c4 c6 4.Nc3 a6 5.c5 Bf5 6.Bf4 Nbd7 7.h3 e6 8.e3 Be7 9.Be2 O-O
10.O-O Re8 11.b4 Qc8 12.Qb3 Bd8 13.a4 Bc7 14.Rfc1 e5 15.Bh2 exd4 16.Nxd4 Bxh2+
17.Kxh2 Bg6 18.Nd1  1/2-1/2

[Event "ACT Open"]
[Site "Amsterdam NED"]
[Date "2004.07.18"]
[Round "2"]
[White "Sandipan,C"]
[Black "Houska,Jo"]
[Result "1-0"]
[WhiteElo "2555"]
[BlackElo "2375"]

1.d4 d5 2.c4 c6 3.Nf3 Nf6 4.Nc3 a6 5.a4 e6 6.Bg5 Nbd7 7.e3 h6 8.Bh4 Qa5 9.Bd3 Be7
10.cxd5 cxd5 11.O-O O-O 12.Ne5 Re8 13.f4 Nf8 14.Bxf6 Bxf6 15.Qh5 Qc7 16.Ng4 Nd7
17.f5 e5 18.Nxd5 Qd6 19.Bc4 Rf8 20.Ndxf6+ Nxf6 21.Nxh6+ gxh6 22.Qg6+ Kh8
23.Qxh6+ Kg8 24.Rf3 Ne4 25.f6  1-0

[Event "MTO"]
[Site "Biel SUI"]
[Date "2004.07.20"]
[Round "2"]
[White "Thorfinnsson,Br"]
[Black "Kobalia,M"]
[Result "0-1"]
[WhiteElo "2431"]
[BlackElo "2618"]

1.d4 d5 2.c4 c6 3.Nc3 Nf6 4.Nf3 a6 5.a4 e6 6.Bg5 Nbd7 7.a5 h6 8.Bxf6 Qxf6
9.e3 g5 10.Bd3 Bg7 11.O-O O-O 12.Re1 g4 13.Nd2 h5 14.Ra4 Qh6 15.f4 c5 16.cxd5 b5
17.axb6 cxd4 18.exd4 Nxb6 19.Rb4 exd5 20.Ne2 Re8 21.Ng3 Bd7 22.Re5 Rxe5 23.dxe5 Bf8
24.Rb3 Bc5+ 25.Kh1 h4 26.Nf5 Bxf5 27.Bxf5 Qxf4  0-1

[Event "Accentus Ladies"]
[Site "Biel SUI"]
[Date "2004.07.23"]
[Round "5"]
[White "Radziewicz,I"]
[Black "Paehtz,E"]
[Result "1/2-1/2"]
[WhiteElo "2431"]
[BlackElo "2396"]

1.Nf3 Nf6 2.d4 d5 3.c4 c6 4.Nc3 a6 5.e3 b5 6.b3 Bf5 7.Ne5 h6 8.a4 b4 9.Ne2 Nfd7
10.Ng3 Bh7 11.Nf3 e6 12.Bd3 Bxd3 13.Qxd3 Nf6 14.e4 dxe4 15.Nxe4 Nbd7 16.Nxf6+ Qxf6
17.Qe4 Rc8 18.Bb2 Bd6 19.O-O O-O 20.Qe2 a5 21.Rad1 Qf5 22.Rfe1 Rfd8 23.Nh4 Qg5
24.g3 Nf6 25.Qf3 Qh5 26.Qxh5 Nxh5 27.f4 g6 28.Ng2 Ng7 29.Kf2 h5 30.Ne3 Nf5
31.Nxf5 gxf5 32.Kf3 Bf8 33.Re5 c5 34.Ke2 Rc6 35.Re3 Bg7 36.d5 Rcd6 37.Be5 R6d7
38.Red3 f6 39.Bb2 Kf7 40.Bc1 Bf8 41.Bb2 Bg7 42.h3 Rd6 43.Bc1 Bf8 44.Be3 R6d7
45.dxe6+ Kxe6 46.Rxd7 Rxd7 47.Rg1 Rg7 48.Kf3 Rd7 49.Ke2 Rg7 50.Bf2 Rh7 51.Ke3 Rg7
52.Rd1 Rd7 53.Rxd7 Kxd7 54.g4 hxg4 55.hxg4 Ke6 56.g5 Kf7 57.gxf6 Bd6 58.Kf3 Kg6
59.Bh4 Kf7 60.Bg5 Bc7 61.Kg3 Bd8 62.Kh3 Bb6 63.Bh6 Kxf6 64.Kh4 Kg6 65.Bf8 Bd8+
66.Kg3 Bb6 67.Bd6 Kh5 68.Be7 Kh6 69.Kh4  1/2-1/2

[Event "7th Open"]
[Site "Korinthos GRE"]
[Date "2004.07.24"]
[Round "4"]
[White "Banikas,H"]
[Black "Vysochin,S"]
[Result "1/2-1/2"]
[WhiteElo "2519"]
[BlackElo "2599"]

1.d4 d5 2.c4 c6 3.Nf3 Nf6 4.Nc3 a6 5.e3 e6 6.a3 Nbd7 7.b4 Bd6 8.Bb2 O-O 9.c5 Bc7
10.Na4 Qe7 11.Be2 e5 12.dxe5 Nxe5 13.Nb6 Nxf3+ 14.gxf3 Rb8 15.Qd4 Re8 16.f4 Bf5
17.Rg1 Kf8 18.Rg5 Bg6 19.h4 h6 20.Rg3 Rbd8 21.h5 Bf5 22.Kf1 Qe4 23.Bf3 Qxd4
24.Bxd4 Re7 25.Kg1 Ne8 26.Bd1 f6 27.Na4 Bb8 28.Nc3 Nc7 29.Bg4 Bxg4 30.Rxg4 Ne6
31.Ne2 Bc7 32.a4 Bb8 33.Rd1 Ba7 34.a5 Bb8 35.Ng3 Rdd7 36.Kg2 Bc7 37.Nf5 Rf7
38.Kf3 Bb8 39.Ke2 Bc7 40.Kd3 Ke8 41.Rdg1 Bb8 42.Kc3 Bc7 43.Rg6 Bb8 44.R1g4 Bc7
45.Kd3 Bb8 46.Ke2 Bc7 47.Ke1 Bb8 48.Nxg7+ Nxg7 49.Rxh6 Nf5 50.Rg8+ Ke7 51.Rhh8 Ke6
52.Re8+ Rde7 53.Rxe7+ Rxe7 54.Rxb8 Nxd4 55.exd4 Kf5+ 56.Kd2 Kxf4 57.Rh8 f5
58.Kd3 Kf3 59.Rf8 Kg4 60.h6 Kg5 61.Rh8 Kg6  1/2-1/2

[Event "7th Open"]
[Site "Korinthos GRE"]
[Date "2004.07.24"]
[Round "4"]
[White "Belov,Vl"]
[Black "Volkov,S1"]
[Result "0-1"]
[WhiteElo "2532"]
[BlackElo "2625"]

1.d4 d5 2.c4 c6 3.Nc3 Nf6 4.Nf3 a6 5.c5 Nbd7 6.Bf4 Nh5 7.Bd2 g6 8.e4 dxe4
9.Nxe4 Ndf6 10.Nxf6+ exf6 11.Bc4 Qe7+ 12.Be3 Bh6 13.Qb3 O-O 14.O-O Bxe3 15.fxe3 Bg4
16.Nd2 Rad8 17.Qc3 Rfe8 18.Rfe1 Ng7 19.b4 Be6 20.a4 Bxc4 21.Nxc4 Nf5 22.e4 Nxd4
23.Kh1 Ne6 24.Nd6 Rf8 25.a5 Nc7 26.e5 Nd5 27.Qd4 Rd7 28.h3 Qe6 29.exf6 Qxf6
30.Qxf6 Nxf6 31.Rad1 Rfd8 32.Rc1 Kf8 33.Rf1 Ne8 34.Ne4 Re7 35.Rc4 Kg7 36.g4 Rd3
37.Kg2 Re3 38.Nc3 h6 39.Rf3 Re1 40.Rf1 R1e5 41.Rff4 Nf6 42.Rcd4 Re1 43.Rd3 R1e5
44.Rd6 Nh7 45.h4 g5 46.hxg5 Nxg5 47.Rfd4 Ne6 48.Re4 Rxe4 49.Nxe4 Nf4+ 50.Kf3 Nd5
51.Ng3 Re3+ 52.Kf2 Re6 53.Rd8 Kf6 54.Rd7 Nxb4 55.Rxb7 Nd3+ 56.Kf3 Kg5 57.Ra7 Rf6+
58.Ke3 Nxc5 59.Kd4 Nb3+ 60.Ke3 Kxg4 61.Ne4 Re6 62.Kd3 f5 63.Nc3 Nxa5 64.Rxa6 Nb3
65.Ra8 Nc5+ 66.Kd4 Ne4 67.Rg8+ Ng5  0-1

[Event "Skanska Open"]
[Site "Pardubice CZE"]
[Date "2004.07.24"]
[Round "2"]
[White "Korobov,A"]
[Black "Jirka,J"]
[Result "1-0"]
[WhiteElo "2565"]
[BlackElo "2406"]

1.d4 d5 2.c4 c6 3.Nc3 Nf6 4.Nf3 a6 5.Qc2 b5 6.cxd5 cxd5 7.Bg5 Bb7 8.e3 Ne4
9.Bh4 Nd7 10.Bd3 Rc8 11.O-O Nb6 12.Qe2 Nxc3 13.bxc3 f6 14.Rfc1 Qd7 15.e4 dxe4
16.Bxe4 Bxe4 17.Qxe4 e6 18.Re1 Kf7 19.Rac1 Qd5 20.Qb1 Ba3 21.Rc2 Rc6 22.Rce2 Na4
23.Re5 Qd7 24.d5 exd5 25.Qb3 Rxc3 26.Rxd5 Qg4 27.Rd7+ Kg6 28.Qf7+ Kh6 29.Bg5+  1-0

[Event "Politiken Cup"]
[Site "Copenhagen DEN"]
[Date "2004.07.25"]
[Round "2"]
[White "Jensen,So"]
[Black "Bae,T"]
[Result "0-1"]
[WhiteElo "2090"]
[BlackElo "2269"]

1.d4 d5 2.c4 c6 3.Nf3 Nf6 4.Nc3 a6 5.c5 Nbd7 6.Bf4 Nh5 7.e3 Nxf4 8.exf4 b6
9.b4 g6 10.Be2 Bg7 11.Rc1 O-O 12.O-O a5 13.a3 axb4 14.axb4 Ra3 15.Qd2 bxc5
16.bxc5 Qa5 17.Ne5 Nxe5 18.fxe5 f6 19.f4 fxe5 20.fxe5 Rxf1+ 21.Kxf1 Bf5 22.Nb1 Qxd2
23.Nxd2 Bh6 24.Ke1 Ra2  0-1

[Event "7th Open"]
[Site "Korinthos GRE"]
[Date "2004.07.26"]
[Round "6"]
[White "Svetushkin,D"]
[Black "Volkov,S1"]
[Result "1/2-1/2"]
[WhiteElo "2546"]
[BlackElo "2625"]

1.d4 d5 2.c4 c6 3.Nf3 Nf6 4.Nc3 a6 5.c5 Nbd7 6.Bf4 Nh5 7.e3 g6 8.h4 b6 9.b4 Bg7
10.Rc1 Nxf4 11.exf4 O-O 12.h5 a5 13.a3 axb4 14.axb4 bxc5 15.bxc5 Ra3 16.Qd2 Qa5
17.Ne5 Nxe5 18.fxe5 f6 19.h6 Bh8 20.f4 fxe5 21.fxe5 Ra1 22.Rxa1 Qxa1+ 23.Nd1 Bf5
24.Be2 Ra8 25.O-O Ra2 26.Qb4 Rxe2 27.Qb8+ Kf7 28.e6+ Kxe6 29.Qc8+ Kf6 30.Qxh8+ Kg5
31.Qxh7 Qxd4+ 32.Nf2 Qh4 33.Qg7 Qxh6 34.Ne4+ Bxe4 35.Qxe7+ Kg4  1/2-1/2

[Event "7th Open"]
[Site "Korinthos GRE"]
[Date "2004.07.27"]
[Round "7"]
[White "Shneider,A"]
[Black "Svetushkin,D"]
[Result "1/2-1/2"]
[WhiteElo "2532"]
[BlackElo "2546"]

1.d4 d5 2.c4 c6 3.Nf3 Nf6 4.Nc3 a6 5.e3 e6 6.a3 Nbd7 7.b4 Bd6 8.Bb2 Qe7 9.c5 Bc7
10.Na4 O-O 11.Be2 Re8 12.O-O Rb8 13.Ne5 Nxe5 14.dxe5 Nd7 15.Bd3 Nxe5 16.Bxh7+ Kxh7
17.Bxe5 Bxe5 18.Qh5+ Kg8 19.Qxe5 Bd7 20.Nb6 Rbd8 21.f4 f6 22.Qh5 Rf8 23.Nxd7 Rxd7
24.Rf3 Qf7 25.Qg4 a5 26.h3 Ra8 27.Rb1 axb4 28.axb4 b5 29.cxb6 Rb7 30.Rf2 Rxb6
31.Rc2 Qd7 32.Qe2 Qd6 33.Rbc1 Qxb4 34.Rxc6 Rxc6 35.Rxc6 Qe4 36.Qf3 Qxf3 37.gxf3 Kf7
38.Kf2 Ra2+ 39.Kg3 Re2 40.Rc7+ Kg6 41.Rc3 Kf5 42.h4 e5 43.fxe5 fxe5 44.Ra3 d4
45.e4+ Ke6 46.Ra6+ Ke7 47.Ra5 Kf6  1/2-1/2

[Event "Skanska Open"]
[Site "Pardubice CZE"]
[Date "2004.07.27"]
[Round "5"]
[White "Palo,D"]
[Black "Burmakin,V"]
[Result "1/2-1/2"]
[WhiteElo "2513"]
[BlackElo "2551"]

1.d4 d5 2.c4 c6 3.Nf3 Nf6 4.Nc3 a6 5.c5 Nbd7 6.Bf4 Nh5 7.e3 g6 8.h4 Bg7 9.Bh2 O-O
10.Be2 Nhf6 11.Ne5 Ne4 12.Nxd7 Bxd7 13.Nxe4 dxe4 14.a3 Re8 15.h5 Be6 16.Qc2 Bd5
17.O-O-O e5 18.hxg6 hxg6 19.Bxe5 Bxe5 20.dxe5 Qg5 21.Kb1 Qxe5 22.Rh4 Rad8
23.Rdh1 Kf8 24.Bc4 Qe6 25.Bxd5 Qxd5 26.Ka1 Qd3 27.Qa4 Rd7 28.Qb4 Re5 29.Rh8+ Ke7
30.Rb8 Qb5 31.Rc1 Qxb4 32.axb4 Red5 33.Rc2 Rd3 34.Ka2 f5 35.g4 Kf6 36.gxf5 gxf5
37.Rf8+ Rf7 38.Rb8 Rfd7 39.Rf8+ Ke6 40.Re8+ Re7 41.Rb8 Red7 42.Re8+  1/2-1/2

[Event "Politiken Cup"]
[Site "Copenhagen DEN"]
[Date "2004.07.28"]
[Round "6"]
[White "Moen,A"]
[Black "Dignam,M"]
[Result "1-0"]
[WhiteElo "2267"]
[BlackElo "2144"]

1.d4 d5 2.c4 c6 3.Nc3 Nf6 4.Nf3 a6 5.e3 b5 6.b3 Bg4 7.Be2 e6 8.O-O Bd6 9.Bb2 Nbd7
10.h3 Bh5 11.Ne5 Bxe2 12.Nxe2 bxc4 13.bxc4 c5 14.cxd5 exd5 15.Nxd7 Qxd7 16.dxc5 Be7
17.Rc1 Rc8 18.Bxf6 Bxf6 19.Nf4 d4 20.exd4 O-O 21.Rc4 Qf5 22.Qf3 Rfd8 23.Rd1 Be7
24.Re1 Bf6 25.d5 Bg5 26.g4 Qd7 27.d6 Qb5 28.Qd5 h6 29.a4 Qa5 30.Ree4 Rb8
31.c6 Qxd5 32.Nxd5 Rxd6 33.Nb6 a5 34.c7 Rdxb6 35.c8=Q+ Rxc8 36.Rxc8+ Kh7
37.Rc7 Kg6 38.Rec4 Rb1+ 39.Kg2 Ra1 40.Rd7 Ra2 41.Kg3 Ra3+ 42.f3 Ra2 43.h4 Bf6
44.h5+ Kh7 45.Rxf7 Kg8 46.Ra7 Be5+ 47.f4 Ra3+ 48.Kg2 Bc3 49.g5 hxg5 50.fxg5 Kh7
51.Ra8 Be5 52.Rcc8  1-0

[Event "Skanska Open"]
[Site "Pardubice CZE"]
[Date "2004.07.29"]
[Round "7"]
[White "Stocek,J"]
[Black "Grigoriants,S UZB"]
[Result "0-1"]
[WhiteElo "2557"]
[BlackElo "2250"]

1.d4 d5 2.c4 c6 3.Nf3 Nf6 4.Nc3 a6 5.c5 Nbd7 6.Bf4 Nh5 7.Bd2 Nhf6 8.Bf4 Nh5
9.Bd2 Nhf6 10.Rc1 g6 11.h3 Bg7 12.Bf4 O-O 13.e3 Ne8 14.Be2 Nc7 15.O-O Re8
16.Bg5 Ne6 17.Bh4 Nef8 18.b4 Qc7 19.Bg3 Qd8 20.Bh4 Qc7 21.a4 e5 22.b5 axb5
23.axb5 Ra3 24.b6 Qb8 25.Bg3 Qa8 26.Nxe5 Nxe5 27.Bxe5 Bxe5 28.dxe5 Qa5 29.Qd2 Rxe5
30.Rfd1 Re8 31.Qd4 Rb3 32.Bf3 Rb4 33.Qf6 Rc4 34.Bxd5 cxd5 35.Nxd5 Rxc1 36.Rxc1 Qd2  0-1

[Event "Skanska Open"]
[Site "Pardubice CZE"]
[Date "2004.07.30"]
[Round "8"]
[White "Korobov,A"]
[Black "Kalod,R"]
[Result "0-1"]
[WhiteElo "2565"]
[BlackElo "2461"]

1.d4 Nf6 2.c4 c6 3.Nc3 d5 4.Nf3 a6 5.c5 Nbd7 6.Bf4 Nh5 7.Be3 Nhf6 8.g3 g6
9.Bg2 Bg7 10.O-O O-O 11.Na4 Re8 12.Rc1 e5 13.dxe5 Ng4 14.Bf4 Ngxe5 15.Nd4 Qf6
16.e3 g5 17.Bxe5 Rxe5 18.Rc3 Rb8 19.Rb3 Qg6 20.Qd2 Re8 21.Qa5 Bf6 22.Qd2 Bg7
23.Kh1 Ne5 24.Nb6 Bf5 25.Rc3 Rbd8 26.Na4 g4 27.Rb3 Rd7 28.Nc3 Be4 29.Nce2 Bxg2+
30.Kxg2 Nf3 31.Qd3 Qh5 32.h4 gxh3+ 33.Kh1 Nxd4 34.Nxd4 Bxd4 35.exd4 Re4 36.Qd1 Qxd1
37.Rxd1 Re2 38.Kg1 Rde7 39.a4 a5 40.Rdd3 h2+ 41.Kxh2 Rxf2+ 42.Kh3 Kg7 43.Rf3 Rxf3
44.Rxf3 Re4 45.Rb3 Rxd4 46.Rxb7 Rc4 47.b3 Rxc5 48.Kg4 Kf6 49.Kf4 h5  0-1

[Event "Open"]
[Site "Kavala GRE"]
[Date "2004.08.01"]
[Round "3"]
[White "Kapnisis,S"]
[Black "Kouvatsos,F"]
[Result "1-0"]
[WhiteElo "2429"]
[BlackElo "2074"]

1.d4 d5 2.c4 c6 3.Nf3 Nf6 4.Nc3 a6 5.c5 e6 6.Bf4 Be7 7.h3 O-O 8.e3 b6 9.b4 a5
10.a3 Ba6 11.Bxa6 Nxa6 12.Ne5 Qc7 13.Na4 Bd8 14.cxb6 axb4 15.axb4 Qb7 16.Nc5 Qxb6
17.O-O Qb5 18.Qa4 Nc7 19.Qxb5 cxb5 20.Nc6 Rc8 21.Nb7  1-0